000
00309nam a2200133Ia 4500
100
_a
Baphana R.M./ Passi/M
250
_a
2
942
_c
BK
654
_a
Engineering Mechanics
245
_a
Engineering Mechanics :Dynamics
260
_b
Tech-Max
_a
Pune
_c
2001
082
_a
620.1
_b
bap/pas
546
_a
ENGLISH
999
_c
31028
_d
31028